Nommez ces personnages de One Piece #2 - Statistiques

Statistiques générales
  • Ce quiz a été pris 71 fois
  • Le résultat moyen est 11 sur 16
Statistiques - réponses
Par images Réponse % Correct
Zunesha
96%
Nekomamushi
88%
Van Augur
86%
Otohime
79%
Dellinger
77%
Camie
73%
Cabaji
71%
Little Oars Jr.
68%
Gan Forr
64%
Victoria Cindry
64%
Mansherry
61%
Blue Gilly
55%
Yokozuna
50%
Domino
46%
Toto
45%
Guernica
34%
Aucun quiz correspondant
Distribution des résultats
% des personnes avec chaque résultat
Percentile par nombre de réponses
Votre historique - résultats
Vous n’avez pas pris ce quiz